00660nam a22002177a 450000500170000001000130001702000100003003500130004003700160005304000120006908200150008110000200009624500750011626000400019127000530023130000200028465000200030465000270032465000370035165000540038820170124105920.0 aA-249042 c15.00 aA-249042 bCen Lib/Ret aDPLbEN a330.1bAGG aAggrawal, C. B. aIntroductory economic theory :cby C. B. Aggrawalbmicro and macro / aDelhibGeeta Publishing Housec1987 bDelhia4694, Umrao Street, Pahari Dhiraje110006 a146p.c22cm(Hb) aEconomic policy aDistribution-economics a आर्थिक नीति aवितरण-अर्थशास्त्र